| 000 | 00457nam a2200169 i 4500 | ||
|---|---|---|---|
| 001 | 49039 | ||
| 003 | ES-MaACL | ||
| 005 | 20230906161854.0 | ||
| 007 | t| | ||
| 008 | 030707s1973 sp ||||1| spa d | ||
| 100 | 0 |
_aBarga, Corpus, _d1887-1975 _925629 |
|
| 245 | 1 | 4 |
_aLos galgos verdugos / _cCorpus Barga. |
| 260 |
_a[Madrid] : _bAlianza, _c[1973] |
||
| 300 |
_a262 p. ; _c20 cm. |
||
| 852 |
_aES-MaACL _jC-54917 _bR.87632 |
||
| 999 |
_c49039 _d49039 |
||